000 01046cam a2200301 a 4500
005 20260322212016.0
008 data
010 _a 93000525
020 _a020158123X :
_c{dollar}20.00 ({dollar}25.95 Can.)
020 _a9780201581232 :
_c{dollar}20.00 ({dollar}25.95 Can.)
040 _aDLC
_cDLC
_dDLC
043 _an-usp--
050 0 0 _aGF504.W35
_bR87 1993
082 0 0 _a333.74/0978
_220
092 _a333.74 R87 1993
100 1 _aRussell, Sharman Apt
245 1 0 _aKill the cowboy :
_ba battle of mythology in the new West /
_cSharman Apt Russell.
260 _aReading, Mass. :
_bAddison-Wesley,
_cc1993.
300 _axiii, 217 p. ;
_c22 cm.
504 _aIncludes bibliographical references (p. 199-210) and index.
650 0 _aNature
_xEffect of human beings on
_zWest (U.S.)
650 0 _aCowboys
_zWest (U.S.)
_xAttitudes.
650 0 _aRanchers
_zWest (U.S.)
_xAttitudes.
650 0 _aEnvironmentalists
_zWest (U.S.)
_xAttitudes.
650 0 _aRange management
_zWest (U.S.)
650 0 _aRange policy
_zWest (U.S.)
001 data
999 _c348
_d348